טוען...
Disarmament illusion /
| מחבר ראשי: | |
|---|---|
| שפה: | Undetermined |
| יצא לאור: |
Delhi
Russell and Russell
1970
|
| LEADER | 00415nam a2200133Ia 4500 | ||
|---|---|---|---|
| 001 | 89798 | ||
| 008 | 170722s9999 xx 000 0 und d | ||
| 100 | |a Tate, Merze | ||
| 245 | |a Disarmament illusion / | ||
| 260 | |b Russell and Russell |a Delhi |c 1970 | ||
| 300 | |a pp XIV,398 | ||
| 942 | |c GEN | ||
| 999 | |c 26318 |d 26318 | ||
| 952 | |0 0 |1 0 |4 0 |6 V_11954_N_H2 |7 0 |8 LC1 |9 30588 |a LIB |b LIB |d 2017-08-12 |o V1:1954.N H2 |p G21540 |r 2017-08-12 |w 2017-08-12 |y GEN | ||